00397nam a2200145Ia 4500003000400000005001700004008004000021040000700061041000800068082001100076100002500087245008100112260004700193300001100240OSt20220823154958.0210210b1966 xxu||||| |||| 00| 0 eng d cAL aeng a531/90 aKINGSBURY (Robert F) aElements of physics: an introduction for students of science and engineering aTorontobD Van Nostrand company, Incc1966 aix,630